|
|
|
|
| LEADER |
00000nam0a2200000 4500 |
| 001 |
269945 |
| 005 |
20231101234313.0 |
| 010 |
|
|
|a 9789854755847
|
| 010 |
|
|
|a 978-5-16-009041-2
|
| 035 |
|
|
|a (RuTPU)RU\TPU\book\293125
|
| 090 |
|
|
|a 269945
|
| 100 |
|
|
|a 20140923d2014 m y0rusy50 ca
|
| 101 |
0 |
|
|a rus
|
| 102 |
|
|
|a BY
|a RU
|
| 105 |
|
|
|a a j 001zy
|
| 200 |
1 |
|
|a Процессы шлифования в машиностроении
|e учебное пособие
|f Ж. А. Мрочек, М. Г. Киселев, Л. М. Кожуро
|
| 210 |
|
|
|a Минск
|c Новое знание
|a Москва
|c Инфра-М
|d 2014
|
| 215 |
|
|
|a 358 с.
|c ил.
|
| 225 |
1 |
|
|a Высшее образование. Бакалавриат
|
| 320 |
|
|
|a Библиогр.: с. 356-357.
|
| 330 |
|
|
|a Изложены основы теории и технологии шлифования поверхностей, основные сведения об абразивных материалах и инструментах, используемых для выполнения этих операций. Подробно рассмотрены способы шлифовальной обработки поверхностей различных видов, применяемое оборудование и технологическая оснастка. Приведены данные по режимам резания при шлифовании поверхностей. Рассмотрены вопросы точности и качества шлифованных поверхностей.Для студентов машиностроительных и приборостроительных специальностей учреждений высшего образования. Будет полезно практическим работникам.
|
| 606 |
1 |
|
|a Шлифовальное дело
|2 stltpush
|3 (RuTPU)RU\TPU\subj\19270
|9 44535
|
| 610 |
1 |
|
|a поверхности
|
| 610 |
1 |
|
|a шлифование
|
| 610 |
1 |
|
|a теория
|
| 610 |
1 |
|
|a технология
|
| 610 |
1 |
|
|a абразивные материалы
|
| 610 |
1 |
|
|a абразивные инструменты
|
| 610 |
1 |
|
|a шлифовальная обработка
|
| 610 |
1 |
|
|a способы
|
| 610 |
1 |
|
|a режимы резания
|
| 610 |
1 |
|
|a шлифовальные работы
|
| 610 |
1 |
|
|a оборудование
|
| 610 |
1 |
|
|a приспособления
|
| 610 |
1 |
|
|a качество
|
| 610 |
1 |
|
|a точность
|
| 610 |
1 |
|
|a учебные пособия
|
| 675 |
|
|
|a 621.923(075.8)
|v 3
|
| 700 |
|
1 |
|a Мрочек
|b Ж. А.
|g Жорж Адамович
|
| 701 |
|
1 |
|a Киселев
|b М. Г.
|g Михаил Григорьевич
|
| 701 |
|
1 |
|a Кожуро
|b Л. М.
|g Лев Михайлович
|
| 801 |
|
1 |
|a RU
|b 63413507
|c 20140923
|
| 801 |
|
2 |
|a RU
|b 63413507
|c 20150703
|g RCR
|
| 900 |
|
|
|a Материаловедение и обработка металлов
|
| 942 |
|
|
|c BK
|
| 954 |
|
|
|b 150700
|l 8.1
|
| 955 |
|
|
|b 150700
|l 8.1
|
| 959 |
|
|
|a 130/20140919
|d 2
|e 799,90
|f ЧЗТЛ:1
|f АНЛ:1
|